[Event "French tournament for achieving Senior Title norm"]
[Site "SchemingMind.com"]
[Date "2006.06.13"]
[Round "-"]
[White "Aumonde"]
[Black "bernadjm"]
[Result "1-0"]
[WhiteCountry "USA"]
[BlackCountry "ESP"]
[WhiteElo "2167"]
[WhiteRD "62"]
[BlackElo "1994"]
[BlackRD "74"]
[GameID "55110"]

1. e4 e6 2. d4 d5 3. Nd2 dxe4 4. Nxe4 Nd7 5. Nf3 Ngf6 6. Nxf6+ Nxf6 7. Bd3 a6 8. Qe2 b6 9. O-O Bb7 10. c4 Bd6
11. d5 Qe7 12. Re1 O-O 13. Bf5 Rae8 14. dxe6 fxe6 15. Qxe6+ Rf7 16. Bd2 g6 17. Qxe7 Rfxe7 18. Bh3
1-0

[Event "French tournament for achieving Senior Title norm"]
[Site "SchemingMind.com"]
[Date "2006.06.13"]
[Round "-"]
[White "bernadjm"]
[Black "Aumonde"]
[Result "0-1"]
[WhiteCountry "ESP"]
[BlackCountry "USA"]
[WhiteElo "1994"]
[WhiteRD "74"]
[BlackElo "2167"]
[BlackRD "62"]
[GameID "55111"]

1. e4 e6 2. d4 d5 3. e5 c5 4. c3 Bd7 5. Nf3 Nc6 6. Be2 Nge7 7. Na3 cxd4 8. cxd4 Nf5 9. O-O Be7 10. Nc2 Qb6
11. Bd3 Rc8 12. g4 Nfxd4 13. Nfxd4 Nxd4 14. Be3 Bc5 15. b4 Nxc2 16. Bxc5 Qc7
0-1

[Event "French tournament for achieving Senior Title norm"]
[Site "SchemingMind.com"]
[Date "2006.06.14"]
[Round "-"]
[White "Nenad"]
[Black "bernadjm"]
[Result "1-0"]
[WhiteCountry "SLO"]
[BlackCountry "ESP"]
[WhiteElo "2228"]
[WhiteRD "71"]
[BlackElo "1994"]
[BlackRD "74"]
[GameID "55331"]

1. e4 e6 2. d4 d5 3. exd5 exd5 4. c4 Nf6 5. Nc3 Bb4 6. Bd3 O-O 7. Ne2 dxc4 8. Bxc4 Nbd7 9. O-O Nb6 10. Bd3 Re8
11. Qc2
1-0

[Event "French tournament for achieving Senior Title norm"]
[Site "SchemingMind.com"]
[Date "2006.06.15"]
[Round "-"]
[White "bernadjm"]
[Black "Nenad"]
[Result "0-1"]
[WhiteCountry "ESP"]
[BlackCountry "SLO"]
[WhiteElo "1994"]
[WhiteRD "74"]
[BlackElo "2228"]
[BlackRD "71"]
[GameID "55333"]

1. e4 e6 2. d4 d5 3. e5 c5 4. c3 Nc6 5. Nf3 Qb6 6. a3 c4 7. Nbd2 Na5 8. Be2 Bd7 9. O-O Ne7 10. Re1 Ng6
11. g3 Be7 12. h4 Bd8
0-1

[Event "French tournament for achieving Senior Title norm"]
[Site "SchemingMind.com"]
[Date "2006.06.14"]
[Round "-"]
[White "Aumonde"]
[Black "Nenad"]
[Result "0-1"]
[WhiteCountry "USA"]
[BlackCountry "SLO"]
[WhiteElo "2149"]
[WhiteRD "63"]
[BlackElo "2163"]
[BlackRD "73"]
[GameID "55334"]

1. e4 e6 2. d4 d5 3. Nc3 Bb4 4. a3 Bxc3+ 5. bxc3 dxe4 6. Qg4 Nf6 7. Qxg7 Rg8 8. Qh6 Nbd7 9. Ne2 b6 10. Bg5 Qe7
11. Qh4 Bb7 12. Nf4 h6 13. Qxh6 O-O-O 14. Qh4 Rh8 15. Nh5 Qf8 16. Bxf6 Nxf6 17. Qxf6 Rxh5 18. Be2 Rf5 19. Qh4 Qg7 20. g4 Ra5
21. O-O f5 22. Qg3 fxg4 23. h3 Rg5 24. Bxg4 Rf8 25. Kh2 Rf3 26. Qh4 Qf6 27. c4 Qf4+ 28. Kg2 Ba6 29. Rg1 Bxc4 30. Rh1 e3
0-1

[Event "French tournament for achieving Senior Title norm"]
[Site "SchemingMind.com"]
[Date "2006.06.18"]
[Round "-"]
[White "grobler"]
[Black "Nenad"]
[Result "0-1"]
[WhiteCountry "GBR"]
[BlackCountry "SLO"]
[WhiteElo "1954"]
[WhiteRD "77"]
[BlackElo "2228"]
[BlackRD "70"]
[GameID "55841"]

1. e4 e6 2. d4 d5 3. e5 c5 4. c3 Nc6 5. Nf3 Qb6 6. Bd3 cxd4 7. cxd4 Bd7 8. O-O Nxd4 9. Nxd4 Qxd4 10. Nc3 a6
11. Qe2 Ne7 12. Rd1 Qh4 13. g3 Qb4
0-1

[Event "French tournament for achieving Senior Title norm"]
[Site "SchemingMind.com"]
[Date "2006.06.18"]
[Round "-"]
[White "grobler"]
[Black "Aumonde"]
[Result "0-1"]
[WhiteCountry "GBR"]
[BlackCountry "USA"]
[WhiteElo "1954"]
[WhiteRD "77"]
[BlackElo "2189"]
[BlackRD "61"]
[GameID "55843"]

1. e4 e6 2. d4 d5 3. e5 c5 4. c3 Qb6 5. Nf3 Bd7 6. Bd3 cxd4 7. cxd4 Nc6 8. O-O Nxd4 9. Nxd4 Qxd4 10. Nc3 a6
11. Qe2 Ne7 12. Rd1 Qh4 13. g3 Qh3 14. Qf3 h5 15. Bg5 Qg4 16. Qe3 d4 17. f3 dxe3 18. fxg4 hxg4
0-1

[Event "French tournament for achieving Senior Title norm"]
[Site "SchemingMind.com"]
[Date "2006.06.18"]
[Round "-"]
[White "Aumonde"]
[Black "grobler"]
[Result "1-0"]
[WhiteCountry "USA"]
[BlackCountry "GBR"]
[WhiteElo "2167"]
[WhiteRD "62"]
[BlackElo "2084"]
[BlackRD "94"]
[GameID "55846"]

1. e4 e6 2. d4 d5 3. Nc3 Bb4 4. e5 c5 5. a3 Bxc3+ 6. bxc3 Ne7 7. Qg4 Qc7 8. Qxg7 Rg8 9. Qxh7 cxd4 10. Ne2 Nbc6
11. f4 Bd7 12. Qd3 dxc3 13. Qxc3 O-O-O 14. h3
1-0

[Event "French tournament for achieving Senior Title norm"]
[Site "SchemingMind.com"]
[Date "2006.06.20"]
[Round "-"]
[White "inexorable"]
[Black "Nenad"]
[Result "1/2-1/2"]
[WhiteCountry "USA"]
[BlackCountry "SLO"]
[WhiteElo "2199"]
[WhiteRD "90"]
[BlackElo "2263"]
[BlackRD "70"]
[GameID "56143"]

1. e4 e6 2. d4 d5 3. Nc3 Bb4 4. e5 c5 5. a3 Bxc3+ 6. bxc3 Ne7 7. Qg4 O-O 8. Bd3 Nbc6 9. Qh5 Ng6 10. Nf3 Qc7
11. Be3 c4 12. Bxg6 fxg6 13. Qg4 Qf7 14. Ng5 Qe8 15. h4 h6 16. Nh3 Ne7 17. Nf4 Qf7 18. Rb1 b6 19. Rh3 Qf5 20. Qe2 Bd7
21. g4 Qf7 22. Kd2 Rab8 23. h5 Ba4 24. hxg6 Nxg6 25. Nh5 Qe7 26. Rbh1 Qxa3 27. Nxg7 Qb2 28. Rc1 Kxg7=
1/2-1/2

[Event "French tournament for achieving Senior Title norm"]
[Site "SchemingMind.com"]
[Date "2006.06.20"]
[Round "-"]
[White "inexorable"]
[Black "Aumonde"]
[Result "0-1"]
[WhiteCountry "USA"]
[BlackCountry "USA"]
[WhiteElo "2185"]
[WhiteRD "90"]
[BlackElo "2254"]
[BlackRD "55"]
[GameID "56145"]

1. e4 e6 2. d4 d5 3. Nc3 dxe4 4. Nxe4 Nd7 5. Nf3 Ngf6 6. Bd3 Nxe4 7. Bxe4 Nf6 8. Bg5 Qd6 9. Bd3 Qb4+ 10. Qd2 Qxd2+
11. Bxd2 b6 12. Bb5+ Bd7 13. Bxd7+ Nxd7 14. O-O-O Bd6 15. Rhe1 O-O 16. Ne5 Nxe5 17. dxe5 Be7 18. g4 Rad8 19. f4 Bc5 20. Be3 Bxe3+
21. Rxe3 Rxd1+ 22. Kxd1 f6 23. f5 exf5 24. gxf5 fxe5 25. Rxe5 Rd8+ 26. Ke2 Kf7 27. Re3 Rd4 28. Rd3 Rb4 29. b3 Rh4 30. h3 Ke7
31. Rf3 Kf6 32. Ke3 c5 33. c4 Ke5 34. Kd3 Rh5 35. Rg3 a6 36. Rxg7 Rxh3+ 37. Kc2 Kxf5 38. Rb7 Rh6 39. Rf7+ Kg5 40. Rg7+ Kf4
41. Rf7+ Ke5 42. Rb7 a5 43. a4 Kf5 44. Rf7+ Ke6 45. Rb7 Ke5 46. Kc3 Ke4 47. Re7+ Kf4 48. Rf7+ Kg4 49. Rg7+ Kf3 50. Rf7+ Kg2
51. Rg7+ Kf3 52. Rf7+ Ke2 53. Re7+ Kd1 54. Kb2 Rh2+ 55. Ka3 h5 56. Re6 Kc2 57. Re1 h4 58. Re6 Rg2 59. Re3 Rg3 60. Re2+ Kd1
61. Re6 h3 62. Rh6 Ke1
0-1

[Event "French tournament for achieving Senior Title norm"]
[Site "SchemingMind.com"]
[Date "2006.06.27"]
[Round "-"]
[White "Nenad"]
[Black "inexorable"]
[Result "1/2-1/2"]
[WhiteCountry "SLO"]
[BlackCountry "USA"]
[WhiteElo "2225"]
[WhiteRD "69"]
[BlackElo "2122"]
[BlackRD "91"]
[GameID "56147"]

1. e4 e6 2. d4 d5 3. exd5 exd5 4. c4 Bb4+ 5. Nc3 Ne7 6. Nf3 O-O 7. Bd3 dxc4 8. Bxc4 Bg4 9. O-O Nbc6 10. Be3 Nf5
11. Qd3 Nd6 12. Bd5 Bf5 13. Qd1 Ne7 14. Bb3 c6 15. Ne5 Kh8 16. Rc1 f6 17. Nd3 Bxc3 18. bxc3 Nd5 19. Re1 Re8 20. c4 Nxe3
21. fxe3 Re7 22. Nf2 Qd7 23. c5=
1/2-1/2

[Event "French tournament for achieving Senior Title norm"]
[Site "SchemingMind.com"]
[Date "2006.06.20"]
[Round "-"]
[White "Aumonde"]
[Black "inexorable"]
[Result "1/2-1/2"]
[WhiteCountry "USA"]
[BlackCountry "USA"]
[WhiteElo "2254"]
[WhiteRD "55"]
[BlackElo "2185"]
[BlackRD "90"]
[GameID "56149"]

1. e4 e6 2. d4 d5 3. Nd2 c5 4. exd5 Qxd5 5. Ngf3 cxd4 6. Bc4 Qd6 7. O-O Nf6 8. Nb3 Nc6 9. Nbxd4 Nxd4 10. Nxd4 a6
11. b3 Qc7 12. Bb2 Bd6 13. h3 O-O 14. Nf3 b5 15. Bd3 Bb7 16. c4 Rfd8 17. cxb5 axb5 18. Bxf6 gxf6 19. Qe2 b4 20. Rfc1 Qe7
21. Be4 Bxe4 22. Qxe4 f5 23. Qe3 Qf6 24. Rd1 Bf8 25. Qe2 Ra7 26. Rac1 Rad7 27. Rxd7 Rxd7 28. g3 Qd8 29. Rc2 Ra7 30. Ne5 Qa8
31. Qe3 h6 32. Rc8 Qxc8 33. Qxa7 Qe8 34. Qc7 Qe7 35. Qxe7 Bxe7 36. Kf1 Bd6 37. Nc6 Kf8 38. Ke2 Ke8 39. Kd3 Kd7 40. Nd4 Bc5
41. Kc4 Kd6 42. f3 h5 43. Nc2 Bf2 44. Nxb4 e5 45. Nc2 Bxg3 46. a4 f4 47. a5 Bf2 48. Nb4 e4 49. fxe4 f3 50. e5+ Ke6
51. a6 Ba7 52. Kd3 Kd7 53. h4 Kc7 54. Nd5+ Kc6 55. Ne7+ Kc7 56. b4 Kd7 57. Nf5 Ke6 58. Ke4 f2 59. Ng3 Kd7 60. Kf3 Kc6
61. Ke2 Bd4 62. Nf5 Bxe5 63. b5+ Kb6 64. Kxf2 Bb8 65. Nd4 Be5 66. Nc6 Bf6 67. Kg3 Bc3 68. Ne7 Be1+ 69. Kf3 Bxh4 70. Nc8+ Kc7
71. Nd6 Kb6 72. Nc4+ Ka7 73. Ne5 f5 74. Nc6+ Kb6 75. a7 Kb7 76. b6=
1/2-1/2

[Event "French tournament for achieving Senior Title norm"]
[Site "SchemingMind.com"]
[Date "2006.06.20"]
[Round "-"]
[White "grobler"]
[Black "inexorable"]
[Result "0-1"]
[WhiteCountry "GBR"]
[BlackCountry "USA"]
[WhiteElo "1954"]
[WhiteRD "77"]
[BlackElo "2154"]
[BlackRD "93"]
[GameID "56150"]

1. e4 e6 2. d4 d5 3. e5 c5 4. c3 Nc6 5. Nf3 Bd7 6. Bd3 cxd4 7. cxd4 Qb6 8. O-O Nxd4 9. Nxd4 Qxd4 10. Nc3 a6
11. Qe2 Ne7 12. Rd1 Qh4
0-1

[Event "French tournament for achieving Senior Title norm"]
[Site "SchemingMind.com"]
[Date "2006.06.22"]
[Round "-"]
[White "Edward Kotlyanskiy"]
[Black "inexorable"]
[Result "1-0"]
[WhiteCountry "USA"]
[BlackCountry "USA"]
[WhiteElo "2340"]
[WhiteRD "75"]
[BlackElo "2154"]
[BlackRD "93"]
[GameID "56489"]

1. e4 e6 2. d4 d5 3. Nc3 Bb4 4. e5 c5 5. a3 Bxc3+ 6. bxc3 Ne7 7. Qg4 O-O 8. Bd3 Nbc6 9. Nf3 f5 10. exf6 Rxf6
11. Bg5 e5 12. Qh4 e4 13. Bxf6 gxf6 14. Qxf6 exd3 15. cxd3 Bf5 16. dxc5 Bxd3 17. Qe6+ Kg7 18. Ne5 Nxe5 19. Qxe5+ Kf7 20. Qf4+ Kg8
21. Qg3+ Bg6 22. O-O Rc8 23. Rab1 Qc7 24. Qg4 Nf5 25. Rfe1 Ng7 26. Re7 Qxe7 27. Qxc8+ Ne8 28. Qxb7 Qxc5 29. Rb5 Qxc3 30. Qxd5+ Bf7
31. Qg5+ Bg6 32. h4 Kh8 33. h5 Bf7 34. Rb7 Qe1+ 35. Kh2 Qe6 36. Qe7
1-0

[Event "French tournament for achieving Senior Title norm"]
[Site "SchemingMind.com"]
[Date "2006.06.22"]
[Round "-"]
[White "Edward Kotlyanskiy"]
[Black "Nenad"]
[Result "1-0"]
[WhiteCountry "USA"]
[BlackCountry "SLO"]
[WhiteElo "2352"]
[WhiteRD "76"]
[BlackElo "2225"]
[BlackRD "69"]
[GameID "56490"]

1. e4 e6 2. d4 d5 3. Nc3 Bb4 4. e5 c5 5. a3 Bxc3+ 6. bxc3 Ne7 7. Qg4 O-O 8. Bd3 Qa5 9. Bd2 Nbc6 10. Nf3 f5
11. exf6 Rxf6 12. Qh5 Nf5 13. c4 Qa4 14. cxd5 Ncxd4 15. Ng5 h6 16. Ne4 Rf8 17. O-O exd5 18. Nxc5 Qc6 19. Nb3 Bd7 20. Rae1 Nxb3
21. cxb3 Qf6 22. Rc1 Rf7 23. Qf3 Bc6 24. Qg4 Bd7 25. Rc7 Ne3 26. Qg6 Qxg6 27. Bxg6 Nxf1 28. Bxf7+ Kxf7 29. Kxf1 Ke6 30. Rxb7 h5
31. Ke2 g6 32. Be3 a6 33. Rb6+ Ke5 34. Rxg6
1-0

[Event "French tournament for achieving Senior Title norm"]
[Site "SchemingMind.com"]
[Date "2006.06.22"]
[Round "-"]
[White "Edward Kotlyanskiy"]
[Black "bernadjm"]
[Result "1-0"]
[WhiteCountry "USA"]
[BlackCountry "ESP"]
[WhiteElo "2337"]
[WhiteRD "82"]
[BlackElo "1994"]
[BlackRD "74"]
[GameID "56491"]

1. e4 e6 2. d4 d5 3. Nc3 dxe4 4. Nxe4 Nd7 5. Nf3 Ngf6 6. Bg5 h6 7. Nxf6+ Nxf6 8. Bh4 c5 9. Bb5+ Bd7 10. Bxd7+ Qxd7
11. Qe2 Be7 12. O-O-O O-O 13. dxc5 Qa4 14. Kb1 Rac8 15. Rd4 Qa5 16. b4 Qa4 17. Qd3 Rfd8 18. Qb3 Qe8 19. Rhd1 a5 20. a3 axb4
21. axb4 b6 22. cxb6
1-0

[Event "French tournament for achieving Senior Title norm"]
[Site "SchemingMind.com"]
[Date "2006.06.22"]
[Round "-"]
[White "Edward Kotlyanskiy"]
[Black "Aumonde"]
[Result "1/2-1/2"]
[WhiteCountry "USA"]
[BlackCountry "USA"]
[WhiteElo "2337"]
[WhiteRD "82"]
[BlackElo "2167"]
[BlackRD "62"]
[GameID "56492"]

1. e4 e6 2. d4 d5 3. Nc3 Nf6 4. e5 Nfd7 5. f4 c5 6. Nf3 Nc6 7. Be3 cxd4 8. Nxd4 Bc5 9. Qd2 Nxd4 10. Bxd4 b6
11. O-O-O O-O 12. Qe3 a6 13. h4 Bb7 14. h5 h6 15. Kb1 Qc7 16. a3 Rac8 17. Rh4 Bxd4 18. Rxd4 Rfe8 19. Bd3 Nb8 20. Rg4 Kh8
21. Qg3 Rg8 22. f5 exf5 23. Bxf5 Rce8 24. Rd1 Qxe5 25. Qf2 Qe3 26. Qf1 Re5 27. Rf4 b5 28. g4 Qb6 29. Rfd4 Qc5 30. Qf3 Rge8
31. R4d2 Qd6 32. Nxd5 Nd7 33. Qg3 Bxd5 34. Rxd5 Qxd5 35. Rxd5 Rxd5 36. Qc7 Ne5 37. Qb6 Ra8 38. b3 Rdd8 39. Be4 Rab8 40. Qxa6 Nxg4
41. Bc6 Nf6 42. Bxb5 Nxh5 43. Bc4 f6 44. b4 Nf4 45. Qc6 Ng6 46. Qe4 Rd1+ 47. Kb2 Ne5 48. Be2 Rd7 49. Kb3 g6 50. a4 Kg7
51. b5 h5 52. c4 Rh8 53. c5 h4 54. c6 Rc7 55. Bf3 h3 56. Bh1 h2 57. a5 Rh3+ 58. Kb2 g5 59. a6 Re7 60. Kc2 Rh4
61. Qd5 Rc4+ 62. Kb3 Rc1 63. Qd8= Ng6 64. Bd5 Re3+ 65. Kb4 Ne7 66. Bg2 Rg1 67. Qd2 h1=Q 68. Bxh1 Rxh1 69. Qxe3 Nd5+ 70. Kb3 Nxe3
71. a7 Rb1+= 72. Ka2 Rxb5 73. a8=Q Nd5=
1/2-1/2

[Event "French tournament for achieving Senior Title norm"]
[Site "SchemingMind.com"]
[Date "2006.06.22"]
[Round "-"]
[White "Edward Kotlyanskiy"]
[Black "grobler"]
[Result "1-0"]
[WhiteCountry "USA"]
[BlackCountry "GBR"]
[WhiteElo "2340"]
[WhiteRD "75"]
[BlackElo "1954"]
[BlackRD "77"]
[GameID "56493"]

1. e4 e6 2. d4 d5 3. Nc3 Bb4 4. e5 c5 5. a3 Bxc3+ 6. bxc3 Ne7 7. Qg4 Qc7 8. Qxg7 Rg8 9. Qxh7 cxd4 10. Ne2 Nbc6
11. f4 Bd7 12. Qd3 dxc3 13. Qxc3 Nf5 14. Ng3 Nxg3 15. hxg3 O-O-O 16. Kf2 Rg7 17. Be2 Qb6+ 18. Qe3 d4 19. Qb3 Qc7 20. Bd2 Ne7
21. g4 Bc6 22. Qd3
1-0

[Event "French tournament for achieving Senior Title norm"]
[Site "SchemingMind.com"]
[Date "2006.06.22"]
[Round "-"]
[White "inexorable"]
[Black "Edward Kotlyanskiy"]
[Result "0-1"]
[WhiteCountry "USA"]
[BlackCountry "USA"]
[WhiteElo "2122"]
[WhiteRD "91"]
[BlackElo "2352"]
[BlackRD "76"]
[GameID "56494"]

1. e4 e6 2. d4 d5 3. Nc3 Bb4 4. e5 c5 5. a3 Bxc3+ 6. bxc3 Ne7 7. Qg4 O-O 8. Bd3 Nbc6 9. Qh5 Ng6 10. Nf3 Qc7
11. Be3 c4 12. Bxg6 fxg6 13. Qg4 Qf7 14. Ng5 Qe7 15. h4 Rf5 16. h5 h6 17. Nh3 gxh5 18. Qg3 Kh7 19. Nf4 h4 20. Qg6+ Kg8
21. Qg4 Qg5 22. Qxg5 Rxg5 23. Rxh4 Ne7 24. Rh2 Ng6 25. Nxd5 exd5 26. Bxg5 hxg5 27. Rh5 g4 28. g3 Bd7 29. Kd2 Rf8 30. Rh2 Rf5
31. Re1 Nf8 32. Re2 Ne6 33. Rh1 Ng5 34. Ke1 Rf3 35. Re3 Rxe3+ 36. fxe3 Ne4 37. Rg1 Nxc3 38. Kf2 Bf5 39. Rc1 b6
0-1

[Event "French tournament for achieving Senior Title norm"]
[Site "SchemingMind.com"]
[Date "2006.06.27"]
[Round "-"]
[White "Nenad"]
[Black "Edward Kotlyanskiy"]
[Result "0-1"]
[WhiteCountry "SLO"]
[BlackCountry "USA"]
[WhiteElo "2247"]
[WhiteRD "69"]
[BlackElo "2365"]
[BlackRD "75"]
[GameID "56495"]

1. e4 e6 2. d4 d5 3. Nd2 c5 4. exd5 exd5 5. Ngf3 Nf6 6. Bb5+ Bd7 7. Bxd7+ Nbxd7 8. O-O Be7 9. dxc5 Nxc5 10. Nd4 Qd7
11. N2f3 O-O 12. Bf4 Rfe8 13. Re1 Bd6 14. Bxd6 Qxd6 15. Nf5 Qd7 16. N3d4 g6 17. Ne3 Qd6 18. Qf3 Re5 19. Rad1 Rae8 20. Nb5 Qb6
21. Nc7 Qxc7 22. Qxf6 Qa5 23. a3 R8e6 24. Qf3 Ne4 25. Qe2 Qb6 26. Qd3 Qxb2 27. Rb1 Qc3 28. f4 Rh5 29. Nxd5 Qc5+ 30. Ne3 Nc3
31. Rb3 Nd5 32. c4 Nxf4 33. Qd7 b6 34. Qd8+ Kg7 35. Qd2 Rhe5 36. Kf1 Rd6 37. Qb2 f6 38. Qc2 Rd4 39. Rc3 Qd6 40. Qa4 Nd3
0-1

[Event "French tournament for achieving Senior Title norm"]
[Site "SchemingMind.com"]
[Date "2006.06.25"]
[Round "-"]
[White "bernadjm"]
[Black "Edward Kotlyanskiy"]
[Result "0-1"]
[WhiteCountry "ESP"]
[BlackCountry "USA"]
[WhiteElo "1994"]
[WhiteRD "74"]
[BlackElo "2337"]
[BlackRD "82"]
[GameID "56496"]

1. e4 e6 2. d4 d5 3. e5 c5 4. c3 Nc6 5. Nf3 Bd7 6. Be2 Qb6 7. O-O Rc8 8. dxc5 Bxc5 9. b4 Bf8 10. Bd3 Nge7
11. Bf4 Ng6 12. Bg3 Be7 13. Nbd2 O-O 14. Rc1 f5 15. exf6 Rxf6 16. b5 Nd8 17. c4 Nf7 18. Qb3 Nf4 19. Bxf4 Rxf4 20. g3 Rf6
0-1

[Event "French tournament for achieving Senior Title norm"]
[Site "SchemingMind.com"]
[Date "2006.06.23"]
[Round "-"]
[White "Aumonde"]
[Black "Edward Kotlyanskiy"]
[Result "0-1"]
[WhiteCountry "USA"]
[BlackCountry "USA"]
[WhiteElo "2133"]
[WhiteRD "66"]
[BlackElo "2291"]
[BlackRD "94"]
[GameID "56497"]

1. e4 e6 2. d4 d5 3. Nc3 Bb4 4. exd5 exd5 5. Bd3 Nc6 6. Ne2 Nge7 7. O-O O-O 8. a3 Bxc3 9. bxc3 Bf5 10. Ng3 Bxd3
11. cxd3 Qd7 12. a4 a6 13. Rb1 b6 14. Qf3 Ng6 15. Nh5 f6 16. Ba3 Rfd8 17. Rfe1 Kh8 18. Nxf6 gxf6 19. Qxf6+ Kg8 20. h4 Rf8
21. Bxf8 Rxf8 22. Qg5 Qf7 23. Rb2 Kh8 24. g3 b5 25. Qg4 b4 26. cxb4 Qf6 27. Re6 Qxd4 28. Qxd4+ Nxd4 29. Re3 h5 30. f4 Kg7
31. Kf2 c6 32. Re1 Kf6 33. Ra2 Rb8 34. b5 axb5 35. a5 Ra8 36. a6 Nf8 37. a7 Nfe6 38. Rc1 b4 39. Ra4 Kg6 40. Ke3 c5
41. Kf2 Kf5 42. Kg2 b3 43. Ra3 Kf6 44. Ra6 Nc2 45. Rb1 c4 46. dxc4 dxc4 47. Ra4 Nc5 48. Ra5 Ne4 49. Rxh5 Ne3+ 50. Kf3 Nd2+
0-1

[Event "French tournament for achieving Senior Title norm"]
[Site "SchemingMind.com"]
[Date "2006.06.23"]
[Round "-"]
[White "grobler"]
[Black "Edward Kotlyanskiy"]
[Result "0-1"]
[WhiteCountry "GBR"]
[BlackCountry "USA"]
[WhiteElo "1954"]
[WhiteRD "77"]
[BlackElo "2340"]
[BlackRD "75"]
[GameID "56498"]

1. e4 e6 2. d4 d5 3. e5 c5 4. c3 Nc6 5. Nf3 Bd7 6. Bd3 cxd4 7. cxd4 Qb6 8. O-O Nxd4 9. Nxd4 Qxd4 10. Nc3 a6
11. Re1 Ne7 12. Qe2 Nc6 13. a3 Rc8 14. Kh1 Qh4 15. g3 Qd8 16. Bd2 d4 17. Na2 g6 18. Rac1 Bg7 19. f4 O-O 20. Be4 Qb6
21. Nb4 Na5 22. Nd3 Nb3 23. Rxc8 Rxc8
0-1

[Event "French tournament for achieving Senior Title norm"]
[Site "SchemingMind.com"]
[Date "2006.07.02"]
[Round "-"]
[White "PackoJones1000"]
[Black "inexorable"]
[Result "1-0"]
[WhiteCountry "ESP"]
[BlackCountry "USA"]
[WhiteElo "2233"]
[WhiteRD "70"]
[BlackElo "2154"]
[BlackRD "93"]
[GameID "57830"]

1. e4 e6 2. d4 d5 3. Nd2 c5 4. exd5 Qxd5 5. Ngf3 cxd4 6. Bc4 Qd6 7. O-O Nf6 8. Nb3 Nc6 9. Nbxd4 Nxd4 10. Qxd4 Bd7
11. Be2 Qxd4 12. Nxd4 Rc8 13. Bf4 Bc5 14. Nb3 Bb6 15. c4 Ne4 16. Rac1 Ke7 17. Bf3 Bc6 18. Rcd1 f6 19. Bxe4 Bxe4 20. Bd6+ Kf7
21. c5 Bc7 22. Rfe1 Bc2 23. Rd2 Bxb3 24. Bxc7 Rxc7 25. axb3 a5 26. f4 Ke7 27. Rd6 Rc6 28. Rexe6+
1-0

[Event "French tournament for achieving Senior Title norm"]
[Site "SchemingMind.com"]
[Date "2006.07.02"]
[Round "-"]
[White "PackoJones1000"]
[Black "Nenad"]
[Result "1/2-1/2"]
[WhiteCountry "ESP"]
[BlackCountry "SLO"]
[WhiteElo "2230"]
[WhiteRD "72"]
[BlackElo "2225"]
[BlackRD "69"]
[GameID "57831"]

1. e4 e6 2. d4 d5 3. Nd2 Nf6 4. e5 Nfd7 5. Bd3 c5 6. c3 Nc6 7. Ne2 cxd4 8. cxd4 f6 9. exf6 Nxf6 10. Nf3 Bd6
11. O-O Qc7 12. Nc3 a6 13. Be3 O-O 14. Rc1 Bd7 15. h3 Be8 16. Ng5 Qe7 17. f4 h6 18. Nf3 Nh5 19. Ne5 Ng3 20. Re1 Bxe5
21. fxe5 Nf5 22. Bxf5 Rxf5 23. Ne2 Bg6 24. Ng3 Rff8 25. Qg4 Kh7 26. a3 Bf5 27. Nxf5 Rxf5 28. Rf1 Raf8 29. Rxf5=
1/2-1/2

[Event "French tournament for achieving Senior Title norm"]
[Site "SchemingMind.com"]
[Date "2006.07.02"]
[Round "-"]
[White "PackoJones1000"]
[Black "bernadjm"]
[Result "1-0"]
[WhiteCountry "ESP"]
[BlackCountry "ESP"]
[WhiteElo "2196"]
[WhiteRD "70"]
[BlackElo "1994"]
[BlackRD "74"]
[GameID "57832"]

1. e4 e6 2. d4 d5 3. Nc3 dxe4 4. Nxe4 Nd7 5. Bd3 Ngf6 6. Qe2 c5 7. Nxf6+ Nxf6 8. dxc5 Bxc5 9. Bd2 O-O 10. Nf3 e5
11. O-O-O e4 12. Bxe4 Qb6 13. Bc3 Nxe4 14. Qxe4 Bxf2 15. Kb1 Qe6 16. Qd3 Qf5 17. Qd2 Bb6 18. Rhe1
1-0

[Event "French tournament for achieving Senior Title norm"]
[Site "SchemingMind.com"]
[Date "2006.07.02"]
[Round "-"]
[White "PackoJones1000"]
[Black "Aumonde"]
[Result "1-0"]
[WhiteCountry "ESP"]
[BlackCountry "USA"]
[WhiteElo "2196"]
[WhiteRD "70"]
[BlackElo "2167"]
[BlackRD "62"]
[GameID "57833"]

1. e4 e6 2. d4 d5 3. Nc3 Bb4 4. Qd3 Ne7 5. Ne2 dxe4 6. Qxe4 Nbc6 7. Be3 Nd5 8. O-O-O Nxe3 9. fxe3 O-O 10. g3 f5
11. Qd3 Bd7 12. Bg2 Qf6 13. e4 a6 14. e5 Qh6+ 15. Nf4 g5 16. Nfe2 Qg7 17. g4 fxg4 18. h3 gxh3 19. Rxh3 g4 20. Rh2 Be8
21. Rdh1 Bg6 22. Be4 Bxc3 23. Bxg6 hxg6 24. bxc3 Rf7 25. Rh8+ Qxh8 26. Rxh8+ Kxh8 27. Qxg6 Raf8 28. Qh6+ Kg8 29. Qxe6 Kh8 30. Qxg4 Na5
31. Kb2 Nc4+ 32. Kb3 Rg7 33. Qh5+ Rh7 34. Qg5 Na5+ 35. Ka3 Nc4+ 36. Kb4 Nb6 37. Nf4 Rxf4 38. Qd8+ Kg7 39. Qxc7+ Kg8 40. Qxb6
1-0

[Event "French tournament for achieving Senior Title norm"]
[Site "SchemingMind.com"]
[Date "2006.07.02"]
[Round "-"]
[White "PackoJones1000"]
[Black "Edward Kotlyanskiy"]
[Result "0-1"]
[WhiteCountry "ESP"]
[BlackCountry "USA"]
[WhiteElo "2155"]
[WhiteRD "63"]
[BlackElo "2244"]
[BlackRD "103"]
[GameID "57834"]

1. e4 e6 2. d4 d5 3. Nc3 Bb4 4. a3 Bxc3+ 5. bxc3 dxe4 6. Qg4 Nf6 7. Qxg7 Rg8 8. Qh6 c5 9. Bb2 cxd4 10. O-O-O Qe7
11. cxd4 Bd7 12. Qf4 Bc6 13. c4 Nbd7 14. Ne2 Rc8 15. Kb1 b5 16. d5 exd5 17. Ng3 Rg4 18. Qe3 bxc4 19. Nf5 Qe6 20. Nd4 Qd6
21. f3 Rg6 22. Nf5 Qc7 23. Nh4 Rg8 24. Nf5 Rb8 25. Ka2 Rb3 26. Qc1 exf3 27. gxf3 Rxf3 28. Nd4 Rf2 29. Bh3 Ne4 30. Rdf1 Rxf1
31. Rxf1 Ba4 32. Ka1 Qxh2 33. Qh6 Qd6 34. Bxd7+ Bxd7 35. Qxh7 Rf8 36. Qh5 c3 37. Bc1 Nd2 38. Re1+ Kd8 39. Nc2 Qb6 40. Nb4 a5
41. Qxd5 axb4 42. Bxd2 cxd2
0-1

[Event "French tournament for achieving Senior Title norm"]
[Site "SchemingMind.com"]
[Date "2006.07.02"]
[Round "-"]
[White "PackoJones1000"]
[Black "grobler"]
[Result "1-0"]
[WhiteCountry "ESP"]
[BlackCountry "GBR"]
[WhiteElo "2233"]
[WhiteRD "70"]
[BlackElo "1954"]
[BlackRD "77"]
[GameID "57835"]

1. e4 e6 2. d4 d5 3. Nd2 c5 4. exd5 exd5 5. Ngf3 Nc6 6. Bb5 Bd6 7. O-O Ne7 8. dxc5 Bxc5 9. Nb3 Bd6 10. Bg5 O-O
11. Re1 f6 12. Bh4 Bg4 13. c3 Re8 14. Nbd4 a6 15. Ba4 Qc7 16. Bg3 Bxg3 17. hxg3
1-0